Loading...
| Science - Other | 0 | 4 | 0 | 1 | 40 | 65 | 91.75 | 0 | 0 | 7.16 | 13.77 |
| History - American | 0 | 3 | 0 | 2 | 30 | 104 | 111.33 | 0 | 0 | 0.29 | 7.83 |
| Fine Arts - Other | 0 | 2 | 0 | 1 | 20 | 41 | 83.50 | 0 | 1 | 5.93 | 7.58 |
| Social Science | 0 | 2 | 0 | 0 | 20 | 89 | 94.50 | 0 | 0 | 4.26 | 11.51 |
| Popular Culture | 0 | 2 | 0 | 0 | 20 | 56 | 69.00 | 0 | 0 | 13.26 | 18.52 |
| Literature - British | 0 | 2 | 0 | 0 | 20 | 70 | 88.00 | 0 | 0 | 4.15 | 7.68 |
| History - World | 0 | 2 | 1 | 0 | 15 | 56 | 67.00 | 0 | 0 | 6.96 | 5.30 |
| Religion | 0 | 1 | 0 | 0 | 10 | 74 | 74.00 | 0 | 1 | 3.19 | 8.33 |
| Science - Chemistry | 0 | 1 | 0 | 1 | 10 | 131 | 131.00 | 0 | 0 | 0.00 | 0.76 |
| Current Events | 0 | 1 | 0 | 0 | 10 | 109 | 109.00 | 0 | 0 | 0.00 | 4.44 |
| Fine Arts - Classical Music | 0 | 1 | 0 | 1 | 10 | 120 | 120.00 | 0 | 0 | 0.15 | 0.83 |
| Fine Arts - Painting and Sculpture | 0 | 1 | 0 | 0 | 10 | 90 | 90.00 | 0 | 0 | 2.44 | 6.06 |
| History - European | 0 | 1 | 0 | 0 | 10 | 91 | 91.00 | 0 | 0 | 1.29 | 1.82 |
| History - Other | 0 | 1 | 0 | 0 | 10 | 94 | 94.00 | 0 | 0 | 1.39 | 3.03 |
| Literature - World | 0 | 1 | 0 | 1 | 10 | 115 | 115.00 | 0 | 0 | 0.00 | 0.91 |
| Philosophy | 0 | 1 | 0 | 0 | 10 | 92 | 92.00 | 0 | 0 | 1.65 | 5.21 |
| Science - Physics | 0 | 1 | 0 | 0 | 10 | 113 | 113.00 | 0 | 0 | 0.00 | 0.91 |
| Mythology | 0 | 1 | 1 | 0 | 5 | 76 | 76.00 | 0 | 1 | 3.08 | 3.79 |
| Literature - European | 0 | 0 | 0 | 0 | 0 | 0.00 | 0 | 0 | 0.00 | 0.00 |